000 00546nam a2200181Ia 4500
008 090124s9999 xx 000 0 und d
082 _b32086
100 _aकाऴे वैज़यंती
245 _a सार्थक
250 _a1
260 _bराजेन्द्र पब्लिकेशन्स्
_c1994
300 _a190
600 _aकाऴे वैज़यंती
630 _a सार्थक
700 _aकाऴे वैज़यंती
730 _a सार्थक
942 _cBOOK
999 _c97887
_d97887